书目信息 |
| 题名: |
商业智能设计、部署与实现
|
|
| 作者: | 张云涛 , 龚玲 编著 | |
| 分册: | ||
| 出版信息: | 北京 电子工业出版社 2004.11 |
|
| 页数: | X,231页 | |
| 开本: | 23cm | |
| 丛书名: | ||
| 单 册: | ||
| 中图分类: | F716 | |
| 科图分类: | ||
| 主题词: | 数据库系统--shu ju ku xi tong--应用--商业管理 , 数据库系统--shu ju ku xi tong , 商业管理--shang ye guan li | |
| 电子资源: | ||
| ISBN: | 7-121-00473-9 | |
| 000 | 01146nam0 2200337 450 | |
| 000 | 01165nam0 2200337 450 | |
| 000 | 01128nam0 2200325 450 | |
| 000 | 01085nam0 2200313 450 | |
| 000 | 01074nam0 2200313 450 | |
| 000 | 01037nam0 2200301 45 | |
| 001 | 012005000000 | |
| 005 | 20051207092843.50 | |
| 010 | @a7-121-00473-9@dCNY25.00 | |
| 100 | @a20050512d2004 em y0chiy0121 ea | |
| 101 | 0 | @achi |
| 102 | @aCN@b110000 | |
| 105 | @ay z 000yy | |
| 200 | 1 | @a商业智能设计、部署与实现@Ashang ye zhi neng she ji 、 bu shu yu shi xian@f张云涛,龚玲编著 |
| 210 | @a北京@c电子工业出版社@d2004.11 | |
| 215 | @aX,231页@d23cm | |
| 300 | @aIBM软件学院 | |
| 320 | @a有书目(第229-231页) | |
| 330 | @a本书以利用已有的数据资源进行业务决策的商业智能系统为研究对象,对商业智能系统的设计、部署、数据处理及系统管理等进行介绍。 | |
| 606 | 0 | @a数据库系统@Ashu ju ku xi tong@x应用@x商业管理 |
| 606 | 0 | @a数据库系统@Ashu ju ku xi tong |
| 606 | 0 | @a商业管理@Ashang ye guan li |
| 690 | @aF716@v4 | |
| 701 | 0 | @a张云涛@Azhang yun tao@4编著 |
| 701 | 0 | @a龚玲@Agong ling@4编著 |
| 801 | 0 | @aCN@bSRXX@c20051207 |
| 905 | @a10447@dF716@eZ230 | |
| 商业智能设计、部署与实现/张云涛,龚玲编著.-北京:电子工业出版社,2004.11 |
| X,231页;23cm |
| IBM软件学院 |
| ISBN 7-121-00473-9:CNY25.00 |
| 本书以利用已有的数据资源进行业务决策的商业智能系统为研究对象,对商业智能系统的设计、部署、数据处理及系统管理等进行介绍。 |
| ● |
| 相关链接 |
|
|
|
正题名:商业智能设计、部署与实现
索取号:F716/Z230
 
预约/预借
| 序号 | 登录号 | 条形码 | 馆藏地/架位号 | 状态 | 备注 |
| 1 | 546255 | 205462550 | 社科库409/409社科库 45排6列4层/ [索取号:F716/Z230] | 在馆 | |
| 2 | 546256 | 205462569 | 社科库409/409社科库 45排6列4层/ [索取号:F716/Z230] | 在馆 | |
| 3 | 546257 | 205462578 | 社科库409/409社科库 45排6列4层/ [索取号:F716/Z230] | 在馆 |